Logo

Description automatically generated
विद्यार्जन
 संसाधन केंद्र, भारतीय प्रौद्योगिकी संस्थान इन्दौर
Learning Resource Center, Indian Institute of Technology Indore

ऑनलाइन सार्वजनिक अभिगम प्रसूची
Online Public Access Catalogue (OPAC)

Letters of transit : reflections on exile, identity, language, and loss (Record no. 57316)

MARC details
000 -LEADER
fixed length control field 00619nam a2200217Ia 4500
005 - DATE AND TIME OF LATEST TRANSACTION
control field 20260629163254.0
008 - FIXED-LENGTH DATA ELEMENTS--GENERAL INFORMATION
fixed length control field 260629s9999||||xx |||||||||||||| ||und||
020 ## - INTERNATIONAL STANDARD BOOK NUMBER
International Standard Book Number 9781565846074
Qualifying information pbk
082 ## - DEWEY DECIMAL CLASSIFICATION NUMBER
Classification number 304.8
Item number ACI
100 ## - MAIN ENTRY--PERSONAL NAME
Personal name Aciman, Andre [ed.]
245 #0 - TITLE STATEMENT
Title Letters of transit : reflections on exile, identity, language, and loss
260 ## - PUBLICATION, DISTRIBUTION, ETC.
Place of publication, distribution, etc. New York
Name of publisher, distributor, etc. The New Press
Date of publication, distribution, etc. 1999
300 ## - PHYSICAL DESCRIPTION
Extent 135p. ; 22cm.
490 ## - SERIES STATEMENT
Series statement Letters of transit
653 ## - INDEX TERM--UNCONTROLLED
Uncontrolled term Cultural identity
653 ## - INDEX TERM--UNCONTROLLED
Uncontrolled term Emigration and immigration
653 ## - INDEX TERM--UNCONTROLLED
Uncontrolled term Exiles
653 ## - INDEX TERM--UNCONTROLLED
Uncontrolled term Postcolonialism
653 ## - INDEX TERM--UNCONTROLLED
Uncontrolled term Transnationalism
942 ## - ADDED ENTRY ELEMENTS (KOHA)
Koha item type Book
Holdings
Withdrawn status Lost status Damaged status Not for loan Home library Current library Shelving location Date acquired Source of acquisition Total Checkouts Full call number Barcode Date last seen Price effective from Koha item type
        LRC, IIT Indore LRC, IIT Indore 3rd Floor - General Stack 29/06/2026 Gratis Book Price: USD 17.95   304.8 ACI G2541 29/06/2026 29/06/2026 Book
Copyright © 2017-2026 Indian Institute of Technology Indore. All Rights Reserved.
Managed & maintained by Learning Resource Center, IIT Indore